[Event "Ricany op 20th"]
[Site "Ricany"]
[Date "2022.08.30"]
[Round "5"]
[White "Rerabek, Jaroslav"]
[Black "Mach, Jan1111"]
[Result "1-0"]
[WhiteElo "1673"]
[BlackElo "1737"]
[PlyCount "77"]
[EventDate "2022.08.27"]
[EventType "swiss"]
[EventRounds "9"]
[EventCountry "CZE"]
[SourceTitle "CBM 210 Extra"]
[Source "ChessBase"]
[SourceDate "2022.11.30"]
[SourceVersion "1"]
[SourceVersionDate "2022.11.30"]
[SourceQuality "1"]

1. e4 e5 2. Nf3 Nc6 3. Bc4 Nf6 4. d3 d6 5. h3 Be7 6. c3 0-0 7. Bb3 Na5 8. Bc2 c5 9. 0-0 Qc7 10. Bg5 Be6 11. Nbd2 Nc6 12. Bb3 Bxb3 13. axb3 a6 14. Nc4 d5 15. Bxf6 dxc4 16. Bxe7 Qxe7 17. bxc4 Rfd8 18. Qc2 Rd6 19. Rfd1 Rad8 20. Ne1 Qd7 21. Qe2 Rg6 22. Kh1 Rd6 23. Qe3 b6 24. Rxa6 Qb7 25. Raa1 Qc7 26. Ra2 Rb8 27. Rda1 Rdd8 28. b3 Rd7 29. Ra4 Rdd8 30. b4 cxb4 31. cxb4 Nd4 32. Ra7 Rb7 33. Rxb7 Qxb7 34. b5 Qc7 35. Ra6 f6 36. Qd2 Qb7 37. Qa2 Kh8 38. Ra7 Qb8 39. Qa6 1-0

[Event "Ricany op-A"]
[Site "Ricany"]
[Date "2019.08.26"]
[Round "4"]
[White "Rerabek, Jaroslav"]
[Black "Tejkal, Jiri"]
[Result "0-1"]
[WhiteElo "1733"]
[BlackElo "1881"]
[PlyCount "124"]
[EventDate "2019.08.24"]
[EventType "swiss"]
[EventRounds "9"]
[EventCountry "CZE"]
[SourceTitle "EXT 2020"]
[Source "ChessBase"]
[SourceDate "2019.10.17"]
[SourceVersion "1"]
[SourceVersionDate "2019.10.17"]
[SourceQuality "1"]

1. d4 Nf6 2. Bf4 d6 3. c3 g6 4. Qc1 Bg7 5. Bh6 0-0 6. Bxg7 Kxg7 7. e3 b6 8. Be2 Ba6 9. Bxa6 Nxa6 10. h4 h5 11. Nd2 e5 12. Qc2 exd4 13. cxd4 Nb4 14. Qc4 a5 15. a3 d5 16. Qb3 Na6 17. Ngf3 c5 18. 0-0 Ng4 19. e4 dxe4 20. Nxe4 cxd4 21. Rad1 Nc5 22. Qc2 Ne6 23. Qd2 Rc8 24. Nxd4 Nxd4 25. Qxd4+ Qxd4 26. Rxd4 Rc2 27. Rd2 Rfc8 28. Rxc2 Rxc2 29. f3 Ne3 30. Rf2 Rc1+ 31. Kh2 Nf1+ 32. Kh3 Ne3 33. g4 Rh1+ 34. Kg3 hxg4 35. fxg4 Rg1+ 36. Kf4 Nxg4 37. Re2 Nf6 38. Nxf6 Kxf6 39. Rc2 Re1 40. b4 axb4 41. axb4 Re6 42. Rc7 Rd6 43. Rc4 Ke6 44. Ke4 Kd7 45. Ke5 f6+ 46. Ke4 Rc6 47. Rd4+ Ke6 48. Kf4 b5 49. Ke3 Rc3+ 50. Kd2 Rc6 51. Ke3 Rc3+ 52. Kd2 Rc6 53. Ke3 f5 54. Kd3 Ke5 55. Rd8 Rc4 56. Rh8 Rxb4 57. h5 gxh5 58. Rxh5 Rb3+ 59. Kc2 Rg3 60. Rh8 b4 61. Rb8 b3+ 62. Kb1 b2 0-1

[Event "Ricany op-A"]
[Site "Ricany"]
[Date "2019.08.24"]
[Round "1"]
[White "Rerabek, Jaroslav"]
[Black "Postupa, Pavel"]
[Result "0-1"]
[WhiteElo "1733"]
[BlackElo "1940"]
[PlyCount "66"]
[EventDate "2019.08.24"]
[EventType "swiss"]
[EventRounds "9"]
[EventCountry "CZE"]
[SourceTitle "EXT 2020"]
[Source "ChessBase"]
[SourceDate "2019.10.17"]
[SourceVersion "1"]
[SourceVersionDate "2019.10.17"]
[SourceQuality "1"]

1. d4 Nf6 2. Bf4 d6 3. e3 g6 4. Nc3 Bg7 5. Bd3 Nbd7 6. Nf3 c5 7. Bb5 0-0 8. Qd2 a6 9. Bxd7 cxd4 10. exd4 Bxd7 11. Bh6 Qb6 12. Bxg7 Kxg7 13. b3 e5 14. dxe5 dxe5 15. 0-0 Rad8 16. Nd5 Nxd5 17. Qxd5 f6 18. Qe4 Bf5 19. Qe2 Qc5 20. c4 Bd3 21. Qb2 Bxf1 22. Rxf1 e4 23. b4 Qxc4 24. Ng5 Qd5 25. h4 h6 26. Nh3 g5 27. hxg5 hxg5 28. Rc1 Qd4 29. Rc7+ Rf7 30. Rxf7+ Kxf7 31. Qb3+ Kg6 32. Qe6 Qd1+ 33. Kh2 Qd6+ 0-1

[Event "Ricany op-A"]
[Site "Ricany"]
[Date "2018.08.30"]
[Round "7"]
[White "Rerabek, Jaroslav"]
[Black "Maly, Filip"]
[Result "0-1"]
[WhiteElo "1684"]
[BlackElo "1954"]
[PlyCount "93"]
[EventDate "2018.08.25"]
[EventType "swiss"]
[EventRounds "9"]
[EventCountry "CZE"]
[SourceTitle "EXT 2019"]
[Source "ChessBase"]
[SourceDate "2018.10.10"]
[SourceVersion "1"]
[SourceVersionDate "2018.10.10"]
[SourceQuality "1"]

1. e4 c5 2. Nf3 d6 3. c3 Nf6 4. Be2 Nc6 5. d3 g6 6. Bg5 Bg7 7. Qd2 0-0 8. Bh6 c4 9. Bxg7 Kxg7 10. 0-0 cxd3 11. Qxd3 Qb6 12. b3 Bg4 13. h3 Bxf3 14. Bxf3 Rac8 15. Rc1 Ne5 16. Qe2 Rc7 17. Nd2 Rfc8 18. c4 h5 19. Nf1 Nc6 20. Rd1 Nd4 21. Qd3 e5 22. Ng3 Nd7 23. Ne2 Nc5 24. Qd2 Nce6 25. Nxd4 Nxd4 26. Qd3 Qa5 27. Qd2 Qc5 28. Be2 a5 29. Bd3 a4 30. b4 Qc6 31. b5 Qd7 32. Qb4 g5 33. Qd2 Qe7 34. Qe3 Kh6 35. h4 Rg8 36. hxg5+ Qxg5 37. Qxg5+ Rxg5 38. Kf1 f6 39. f4 Rg3 40. Kf2 Rcg7 41. Bf1 Nc2 42. Rac1 Nd4 43. Rd3 R3g4 44. g3 h4 45. Rcc3 hxg3+ 46. Rxg3 Rxf4+ 47. Kg2 0-1

[Event "Ricany op-A"]
[Site "Ricany"]
[Date "2018.08.27"]
[Round "4"]
[White "Hadrava, Jaroslav"]
[Black "Rerabek, Jaroslav"]
[Result "1-0"]
[WhiteElo "1913"]
[BlackElo "1684"]
[PlyCount "39"]
[EventDate "2018.08.25"]
[EventType "swiss"]
[EventRounds "9"]
[EventCountry "CZE"]
[SourceTitle "EXT 2019"]
[Source "ChessBase"]
[SourceDate "2018.10.10"]
[SourceVersion "1"]
[SourceVersionDate "2018.10.10"]
[SourceQuality "1"]

1. e4 e6 2. d4 d5 3. Nc3 Bb4 4. e5 c5 5. a3 Bxc3+ 6. bxc3 Nc6 7. Nf3 cxd4 8. cxd4 Nge7 9. Bd3 Nf5 10. 0-0 Ncxd4 11. Nxd4 Nxd4 12. Qg4 Nf5 13. Bxf5 exf5 14. Qxg7 Kd7 15. Qxf7+ Qe7 16. Qxd5+ Ke8 17. Rd1 Be6 18. Qd6 Rd8 19. Qxe7+ Kxe7 20. Bg5+ 1-0

[Event "Tabor op"]
[Site "Tabor"]
[Date "2007.07.30"]
[Round "3"]
[White "Rerabek, Jaroslav"]
[Black "Novotny, Jiri"]
[Result "1-0"]
[WhiteElo "1626"]
[BlackElo "2258"]
[PlyCount "69"]
[EventDate "2007.07.29"]
[EventType "swiss"]
[EventRounds "9"]
[EventCountry "CZE"]
[SourceTitle "EXT 2009"]
[Source "ChessBase"]
[SourceDate "2008.11.26"]
[SourceVersion "1"]
[SourceVersionDate "2008.11.26"]
[SourceQuality "1"]

1. e4 d5 2. exd5 Qxd5 3. d4 c6 4. Nc3 Qa5 5. Bd2 Qc7 6. h3 e6 7. Nf3 Nf6 8. Bd3 Be7 9. 0-0 h6 10. Re1 0-0 11. Ne2 c5 12. Ng3 cxd4 13. Nxd4 Nc6 14. Nxc6 bxc6 15. Bc3 a5 16. Qe2 Bb4 17. Ne4 Nxe4 18. Qxe4 f5 19. Qc4 Bxc3 20. Qxc3 Bd7 21. Re5 Rae8 22. Rae1 a4 23. a3 Rf6 24. Qc4 Ra8 25. Bxf5 Rxf5 26. Rxf5 Ra5 27. Rxa5 Qxa5 28. Rd1 Qc7 29. Qxa4 Be8 30. Qa8 Kf7 31. Qd8 Qe5 32. Qd4 Qf5 33. Rd3 c5 34. Qd6 c4 35. Rf3 1-0